02833cam a22003975i 4500999001700000001001000017003000900027005001700036008004100053020001800094040006100112043001200173082002400185100002800209245008700237264005700324300003600381336002600417337002800443338002700471490002900498500007800527504005100605520127200656650002701928650004101955650002901996650003602025651004402061651005502105651005702160653002702217700002902244942001202273952015002285 c27633d27604013531260EG-ScBUE20190922113557.0060912s2006 nyub f b 001 0 eng  a9780801444579 aDLCbengerdacDLCdBAKERdC#PdYDXCPdDLCdUkdEG-ScBUE aa-iq---04a956.704431bHER2221 aHerring, Eric,eauthor.10aIraq in fragments :bthe occupation and its legacy /cEric Herring, Glen Rangwala. 1aIthaca, New York :bCornell University Press,c2006. axii, 354 pages :bmap ;c20 cm. atextbtxt2rdacontent aunmediatedbn2rdamedia avolumebnc2rdacarrier0 aCrises in world politics a"Originally published in the United Kingdom by C. Hurst & Co."--CIP data. aIncludes bibliographical references and index. a"When the United States led the invasion of Iraq in March 2003, it expected to be able to establish a prosperous liberal democracy with an open economy that would serve as a key ally in the region. It sought to engage Iraqi society in ways that would defeat any challenge to that state-building project and U.S. guidance of it. Eric Herring and Glen Rangwala argue that state building in Iraq has been crippled less by preexisting weaknesses in the Iraqi state, Iraqi sectarian divisions, or U.S. policy mistakes than by the fact that the U.S. has attempted - with only limited success - to control the parameters and outcome of that process. They explain that the very nature of U.S. state building in Iraq has created incentives for unregulated local power struggles and patron-client relations. Corruption, smuggling, and violence have resulted." "Placing the occupation within the context of regional, global, and U.S. politics, Herring and Rangwala demonstrate how the politics of co-option, coercion, and economic change have transformed the lives and allegiances of the Iraqi population. As uncertainty about the future of Iraqi persists, this volume provides a much-needed analysis of the deeper forces that give meaning to the daily events in Iraq."--Jacket. 7aIraq War, 2003-2BUEsh 7aPostwar reconstructionzIraq.2BUEsh 7aInsurgencyzIraq.2BUEsh 7aCounterinsurgencyzIraq.2BUEsh 7aCoalition Provisional Authority.2BUEsh 7aIraqxPolitics and governmenty2003-2BUEsh911049 7aUnited StatesxForeign relationsy2001-2BUEsh93840 bMASPPSScSeptember20191 aRangwala, Glen,eauthor. 2ddccBB 00102ddc40708BaccahaMAINbMAINc2NDd2019-09-22ePurchaseg450.00l0o956.704431 HERp000048096r2025-07-15 00:00:00v562.50w2019-09-22yBB